Music Quiz

Random Music or Quick Pick Quiz

► Quick Pick - Music Artist by Song (1980s) Quiz Stats

 Plays Quiz not verified by Sporcle

Score 0/20 Timer 01:30
0 Plays Today
% Correct
Michael Jackson
97.3%
Prince
96.4%
The Police
95.2%
Survivor
94.9%
Bon Jovi
94.2%
Eurythmics
93.6%
Culture Club
93.2%
Cyndi Lauper
92.9%
Joan Jett & the Blackhearts
92.8%
Wham!
92.7%
% Correct
A-ha
92.5%
Toto
92.2%
Bonnie Tyler
92%
Whitney Houston
91.8%
Guns N' Roses
90.9%
David Bowie
87.5%
Tears For Fears
87.2%
Madonna
80.5%
Queen
76.8%
Alphaville
72.5%

You're not logged in!

Compare scores with friends on all Sporcle quizzes.
OR
Log In

You Might Also Like...

Show Comments

Extras

Top Quizzes Today


Score Distribution

Your Account Isn't Verified!

In order to create a playlist on Sporcle, you need to verify the email address you used during registration. Go to your Sporcle Settings to finish the process.

Report this User

Report this user for behavior that violates our Community Guidelines.

Details: